000 00199 a2200097 4500
001 7979
100 _aFiner, S E
245 _aThe man on horseback
260 _a
_bPall Mall
_c
090 _c6389
_d6389
942 _aNUST-CAE
_cM
_c32921
999 _c243052
_d243052